000 01260naa a22003497a 4500
001 BR8002548
003 BR-BrBNA
005 20240918174549.0
007 ta
008 230509b bl.||||| |||| 00| 0 por d
040 _aBR-BrBNA
_bpor
_cBiblioteca Nacional de Agricultura
041 _a(Pt)
072 _aL34
_b8954
_b4120
_b3745
090 _aL34 BR8002548
100 1 _aGallep, J.C.T.
111 1 _aMicotoxinas: Problemas e Solucoes, 1980. Encontro Nacional
_cSao Paulo, SP (Brazil)
_d14 Apr 1980
245 1 _aAcido propionico [Microbiologia de alimento; Racao; Fungo; Toxidez; Controle quimico]
260 3 _aSao Paulo, SP (Brasil):
_c1980.
500 _aMicotoxinas: problemas e solucoes, 1980. Encontro Nacional. Anais Sao Paulo, SP (Brasil): 1980. p. 65-68 (BR8002548-AM)L34
650 _aMicrobiologia de alimento
650 _aToxicologia de alimento
650 _aRacao
650 _aFungo
650 _aAflatoxina
650 _aMicotoxina
650 _aToxidez
650 _aAcido propionico
650 _aControle quimico
773 0 _tMicotoxinas: problemas e solucoes, 1980. Encontro Nacional. Anais
_wL34 BR8002548
_gSao Paulo, SP (Brasil), 1980. p. 65-68
909 _a202404
_bLucia
_c55
_dLucia Elande
942 _cAM
_2AGRIS
999 _c312028
_d312028